Derecho administrativo especial: contratación administrativa (Registro nro. 5845)
[ vista simple ]
| 000 -Cabecera | |
|---|---|
| Campo de control de longitud fija | 00786ata a2200277 4500 |
| 005 - Fecha y hora de la última transacción | |
| Campo de control | 20230913124409.0 |
| 008 - Elementos de longitud fija--Información general | |
| Campo de control de longitud fija | 150521b2002 xxu||||| |||| 00| 0 spa d |
| 020 ## - International Standard Book Number | |
| Número Internacional Estándar del Libro (ISBN) | 9968312460 |
| 041 ## - Idioma | |
| Código de idioma | Español |
| 082 ## - Clasificación Decimal Dewey | |
| Número de clasificación | 342.06 P763de |
| 100 ## - Entrada principal--Autor personal | |
| Nombre personal | Romero Pérez, Jorge Enrique |
| 9 (RLIN) | 19536 |
| 245 ## - Título propiamente dicho | |
| Título | Derecho administrativo especial: contratación administrativa |
| 260 ## - Pie de imprenta | |
| Lugar de publicación, distribución, etc. | Costa Rica |
| 260 ## - Pie de imprenta | |
| Nombre del editor, distribuidor, etc. | EUNED |
| 260 ## - Pie de imprenta | |
| Fecha de publicación, distribución, etc. | 2002 |
| 300 ## - Descripción física | |
| Extensión | 264 páginas |
| 650 ## - Materia general | |
| Temática (materia general) | DERECHO ADMINISTRATIVO |
| 650 ## - Materia general | |
| Temática (materia general) | ADMINISTRACIÓN PÚBLICA |
| 650 ## - Materia general | |
| Temática (materia general) | CONTRATACIÓN ADMINISTRATIVA |
| 650 ## - Materia general | |
| Temática (materia general) | CONTRATOS PÚBLICOS |
| 650 ## - Materia general | |
| Temática (materia general) | RECURSOS ADMINISTRATIVOS |
| 650 ## - Materia general | |
| Temática (materia general) | COSTA RICA |
| 650 ## - Materia general | |
| Temática (materia general) | ADJUDICACIÓN |
| 650 ## - Materia general | |
| Temática (materia general) | CONTRATOS ADMINISTRATIVOS |
| 942 ## - Punto de acceso adicional KOHA | |
| Tipo de ítem KOHA | Libro |
| Fuente del sistema de clasificación o colocación | Dewey Decimal Classification |
| Signatura completa | Código de barras | Tipo de ítem |
|---|---|---|
| 342.06 P763de | 15063 | Libro |